Engineering contracts and specifications. (Record no. 548975)

000 -LEADER
fixed length control field 00510cam a22001692 4500
082 ## - DEWEY DECIMAL CLASSIFICATION NUMBER
Classification number 692.8
Author Mark ABB
100 1# - MAIN ENTRY--PERSONAL NAME
Personal name Abbett, Robert William,
9 (RLIN) 45455
245 00 - TITLE STATEMENT
Title Engineering contracts and specifications.
250 ## - EDITION STATEMENT
Edition statement 3d ed.
260 ## - PUBLICATION, DISTRIBUTION, ETC.
Place of publication, distribution, etc. New York,
Name of publisher, distributor, etc. Wiley
Date of publication, distribution, etc. [1954]
300 ## - PHYSICAL DESCRIPTION
Extent 429 p.
Dimensions 22 cm.
526 ## - STUDY PROGRAM INFORMATION NOTE
Program name 0
Interest level 0
Reading level 0
Title point value 692_800000000000000_ABB
650 #0 - SUBJECT ADDED ENTRY--TOPICAL TERM
Topical term or geographic name entry element Engineering contracts
Geographic subdivision United States.
9 (RLIN) 24625
650 #0 - SUBJECT ADDED ENTRY--TOPICAL TERM
Topical term or geographic name entry element Engineering
General subdivision Specifications
Geographic subdivision United States.
9 (RLIN) 45456
650 #0 - SUBJECT ADDED ENTRY--TOPICAL TERM
Topical term or geographic name entry element MCE
9 (RLIN) 379
942 ## - ADDED ENTRY ELEMENTS (KOHA)
Source of classification or shelving scheme
Koha item type Book
Holdings
Withdrawn status Lost status Source of classification or shelving scheme Damaged status Not for loan Permanent Location Current Location Date acquired Total Checkouts Full call number Barcode Date last seen Price effective from Koha item type
          Military College of Engineering (MCE) Military College of Engineering (MCE) 09/11/2014   692.8 ABB MCE-2582 09/11/2014 09/11/2014 Book
© 2023 Central Library, National University of Sciences and Technology. All Rights Reserved.